[Event "Fermo"]
[Site "Fermo"]
[Date "2019.03.29"]
[Round "3.1"]
[White "Aghayev, Miragha"]
[Black "Bettalli, Francesco"]
[Result "1-0"]
[WhiteElo "2433"]
[BlackElo "2123"]
[PlyCount "69"]
[EventDate "2019.??.??"]
[EventType "swiss"]
[SourceVersionDate "2011.11.05"]

1. d4 Nf6 2. Nf3 g6 3. g3 Bg7 4. Bg2 d5 5. O-O O-O 6. c3 b6 7. c4 Bb7 8. cxd5
Nxd5 9. Re1 Nf6 10. Nc3 Ne4 11. Qc2 Nxc3 12. bxc3 Nd7 13. e4 e5 14. Bg5 Qe8 15.
Rad1 c5 16. d5 c4 17. Bf1 b5 18. Qb2 Nb6 19. Rb1 a6 20. Be3 Na4 21. Qc2 Qc8 22.
Rb4 Nc5 23. Bxc4 Nxe4 24. Qxe4 bxc4 25. Rxc4 Qd7 26. Rc5 f5 27. Qh4 Rfc8 28. c4
e4 29. Nd2 Rxc5 30. Bxc5 Rc8 31. Be3 Bc3 32. Rc1 Bxd2 33. Bxd2 Qa4 34. Qe7 Bxd5
(34... Rxc4 35. Bh6 Rxc1+ 36. Kg2 Rg1+ 37. Kh3) 35. Bh6 1-0